000 00768nai a2200205Ia 4500
003 IN-BaIIA
008 211028c9999 xx s 000 0 eng d
022 _a0096-2538 (Print)
040 _cIIA Library
245 0 _aIRE Transactions on Telemetry and Remote Control
_h[eJournal]
260 _aNew York, USA
_bThe Institute of Electrical and Electronics Engineers, Inc. (IEEE)
310 _aAnnually
362 _aTRC-1(1); 1955 - TRC-4(1); 1958
521 _bSubscribed through National Knowledge Resource Consortium (NKRC)
650 _a Fields, Waves and Electromagnetics
650 _a Robotics and Control Systems
650 _aAerospace
856 _uhttps://ieeexplore.ieee.org/servlet/opac?punumber=6459057
_yClick Here to Access eJournal
942 _cEJ
999 _c34931
_d34931